| 000 | 01433cam a22003251i 4500 | ||
|---|---|---|---|
| 003 | SA-RiAUC | ||
| 005 | 20250328140932.0 | ||
| 008 | 250328s1990 le g b 001 0 ara c | ||
| 040 |
_aOM-MuSQU _bara _cSA-RiAUC _erda |
||
| 082 | 0 | 4 |
_a220 _qSA-RiAUC |
| 090 |
_a220 _b ف ي ر |
||
| 100 | 1 |
_aالفيروزآبادي، محمد بن يعقوب بن محمد، _d729-817 هجري _eمؤلف. |
|
| 245 | 1 | 0 |
_aبصائر ذوي التمييز في لطائف الكتاب العزيز / _cتأليف مجد الدين محمد بن يعقوب الفيروزآبادي ؛ تحقيق محمد علي النجار، عبد العليم الطحاوي. |
| 264 | 1 |
_aبيروت : _bالمكتبة العلمية، _c1990 |
|
| 300 |
_a6 مجلد ؛ _c24 سم |
||
| 336 |
_aنص _btxt _2rdacontent _3كتاب |
||
| 337 |
_aبدون وسيط _bn _2rdamedia |
||
| 338 |
_aمجلد _bnc _2rdacarrier |
||
| 500 | _aكشافات : مجلد 6، صفحة 121. | ||
| 500 | _aمجلد 5، 6 من تحقيق عبد العليم الطحاوي. | ||
| 504 | _aيشتمل على إرجاعات ببليوجرافية. | ||
| 590 | _aخلفان. | ||
| 630 | 2 | 7 |
_aالقرآن _xعلوم _2aucut |
| 700 | 1 |
_aالنجار، محمد علي، _d1895-1965 _eمحقق. |
|
| 700 | 1 |
_aالطحاوي، عبد العليم _eمحقق. |
|
| 730 | 2 | 2 | _aالقرآن |
| 942 |
_2ddc _cBOOK _n0 |
||
| 949 |
_aSA-JeALM _d250328 _ueid123 _n1 |
||
| 999 |
_c6682 _d6682 |
||